| Tag |
First Indicator |
Second Indicator |
Subfields |
| LEADER |
00000cam a2200000 a 4500 |
| 001 |
in00000007109 |
| 005 |
20151004090010.0 |
| 008 |
870413s1987 miuab b 00110 eng d |
| 020 |
|
|
|a 0912861169
|
| 035 |
|
|
|a (OCoLC)15524987
|
| 035 |
|
|
|9 AAA1579AM
|
| 040 |
|
|
|a VXG
|c VXG
|d AGL
|d OCL
|d TXA
|d UtOrBLW
|
| 049 |
|
|
|a TXAM
|c [A12543053]
|
| 050 |
|
4 |
|a QK495.N97
|b W54 1987
|
| 100 |
1 |
|
|a Wiersema, John Harry.
|
| 245 |
1 |
2 |
|a A monograph of Nymphaea subgenus Hydrocallis (Nymphaeaceae) /
|c John H. Wiersema.
|
| 264 |
|
1 |
|a [Ann Arbor, Mich.] :
|b The American Society of Plant Taxonomists,
|c [1987]
|
| 264 |
|
4 |
|c ©1987
|
| 300 |
|
|
|a 112 pages :
|b illustrations, maps ;
|c 26 cm.
|
| 336 |
|
|
|a text
|b txt
|2 rdacontent
|
| 337 |
|
|
|a unmediated
|b n
|2 rdamedia
|
| 338 |
|
|
|a volume
|b nc
|2 rdacarrier
|
| 490 |
1 |
|
|a Systematic botany monographs,
|x 0737-8211 ;
|v v. 16
|
| 500 |
|
|
|a Revision of the author's thesis (Ph.D.--University of Alabama, 1984) under the title: A revision of Nymphaea subgenus Hydrocallis (Nymphaeaceae)
|
| 500 |
|
|
|a "6 April 1987."
|
| 504 |
|
|
|a Bibliography: pages 102-104.
|
| 500 |
|
|
|a Includes indexes.
|
| 650 |
|
0 |
|a Nymphaea
|x Classification.
|
| 650 |
|
0 |
|a Nymphaeaceae
|x Classification.
|
| 740 |
0 |
|
|a Nymphaea subgenus Hydrocallis.
|
| 830 |
|
0 |
|a Systematic botany monographs ;
|v v. 16.
|
| 999 |
|
|
|a MARS
|
| 999 |
f |
f |
|s 6a769b92-ae24-350a-8c8a-18d934d3387f
|i 4fb6654e-12cc-34d1-89a4-b4d2d0f62641
|t 0
|
| 952 |
f |
f |
|p ric
|a Texas A&M University
|b Rellis Campus
|c Joint Library Facility
|d Remote Storage
|t 0
|e QK495.N97 W54 1987
|h Library of Congress classification
|i unmediated -- volume
|m A14812543053
|
| 998 |
f |
f |
|a QK495.N97 W54 1987
|t 0
|l Remote Storage
|